Random General Knowledge Quiz #1 - Statistics

General Stats
  • This quiz has been taken 154 times
  • The average score is 9 of 15
Answer Stats
Hint Answer % Correct
What is the third core science? Biology, Physics and...... Chemistry
85%
What is the square root of 10,000? 100
84%
What country does Greenland belong to? Denmark
84%
What was the most common last name in both the USA and UK for 2024? Smith
81%
Which country produced the most oil in 2024? United States of America
79%
In what year was US President, John Kennedy, assassinated? 1963
76%
Who did Bryan Cranston play in the show "Breaking Bad"? Walter White
73%
Who was the famous leader of the Mongol Empire? Genghis Khan
70%
What is the capital city of Finland? Helsinki
61%
What does D.C stand for in Washington D.C? District of Columbia
59%
Which British author was most famous for writing the "James Bond" series? Ian Fleming
42%
Which sport has players called Luke Littler, Michael Van Gerwen and Michael Smith? Darts
37%
Which country has the highest crime rate in the world? Venezuela
33%
In what country was singer, Freddie Mercury born? Tanzania
23%
Who was the Prime Minister of The UK from 1945-1951 and was famous for founding the National Health Service (NHS) Clement Attlee
11%
No matching quizzes found
Score Distribution
Percent of People with Each Score
Percentile by Number Answered
Your Score History
You have not taken this quiz